[Event "SportAccord Rapid w 2014"]
[Site "Beijing CHN"]
[Date "2014.12.11"]
[Round "3.7"]
[White "Ushenina, Anna"]
[Black "Muzychuk, Mariya"]
[Result "1-0"]
[WhiteTitle "GM"]
[BlackTitle "IM"]
[WhiteElo "2494"]
[BlackElo "2529"]
[WhiteFideId "14110911"]
[BlackFideId "14114550"]
[EventDate "2014.12.11"]

1. d4 d5 2. c4 c6 3. e3 Nf6 4. Nc3 e6 5. Nf3 Nbd7 6. a3 Bd6 7. Bd3 O-O 8. O-O a6
9. e4 dxe4 10. Nxe4 Nxe4 11. Bxe4 c5 12. Bc2 Qc7 13. Re1 cxd4 14. Qxd4 e5 15.
Qh4 f5 16. b4 e4 17. Ng5 Nf6 18. c5 Be5 19. Bb3+ Kh8 20. Rb1 h6 21. g3 Nh7 22.
Nh3 Qc6 23. Qh5 Bd7 24. Bf4 Be8 25. Qe2 Bxf4 26. Nxf4 Ng5 27. Red1 Bf7 28. Rd6
Qe8 29. Bxf7 Rxf7 30. Rbd1 Kh7 31. Kg2 Re7 32. Nd5 Rf7 33. Qh5 e3 34. Nc3 exf2
35. Kxf2 f4 36. Qg6+ Kg8 37. Kg2 fxg3 38. hxg3 Qf8 39. Ne4 Nxe4 40. Qxe4 Re8 41.
Qxe8 Qxe8 42. Rd8 Qxd8 43. Rxd8+ Kh7 44. Rd6 g6 45. c6 bxc6 46. Rxc6 Ra7 47. Kf3
h5 48. Ke4 Kh6 49. Kd4 Kg5 50. a4 Kf5 51. Kc5 g5 52. Kb6 Rh7 53. Kxa6 h4 54.
gxh4 gxh4 55. b5 h3 56. Rc1 h2 57. Rh1 Rh6+ 1-0

[Event "SportAccord Rapid w 2014"]
[Site "Beijing CHN"]
[Date "2014.12.11"]
[Round "4.1"]
[White "Gunina, Valentina"]
[Black "Dzagnidze, Nana"]
[Result "0-1"]
[WhiteTitle "GM"]
[BlackTitle "GM"]
[WhiteElo "2522"]
[BlackElo "2570"]
[WhiteFideId "4167570"]
[BlackFideId "13601903"]
[EventDate "2014.12.11"]

1. d4 Nf6 2. c4 e6 3. Nf3 d5 4. Nc3 dxc4 5. e3 a6 6. Bxc4 c5 7. O-O b5 8. Bb3
Bb7 9. Qe2 Nbd7 10. h3 Be7 11. Rd1 cxd4 12. exd4 Nb6 13. Bg5 O-O 14. Rac1 h6 15.
Bf4 Nbd5 16. Bh2 Rc8 17. Ne5 Nxc3 18. Rxc3 Rxc3 19. bxc3 Bd5 20. Bf4 Qa8 21. f3
Rc8 22. Bd2 Bd6 23. Be1 Qb7 24. Rb1 Qc7 25. Rc1 Qb7 26. Rc2 Bxb3 27. axb3 Qd5
28. b4 Bxb4 29. Qd3 Bd6 30. c4 bxc4 31. Nxc4 Qb5 32. Qe2 Be7 33. Kh2 Nd5 34. Rc1
Nb6 35. d5 Rxc4 0-1

[Event "SportAccord Rapid w 2014"]
[Site "Beijing CHN"]
[Date "2014.12.11"]
[Round "4.3"]
[White "Zhao, Xue"]
[Black "Muzychuk, Anna"]
[Result "1/2-1/2"]
[WhiteTitle "GM"]
[BlackTitle "GM"]
[WhiteElo "2514"]
[BlackElo "2545"]
[WhiteFideId "8601283"]
[BlackFideId "14111330"]
[EventDate "2014.12.11"]

1. d4 d5 2. c4 c6 3. Nf3 Nf6 4. e3 Bg4 5. Nc3 e6 6. h3 Bxf3 7. Qxf3 Nbd7 8. Qd1
Bd6 9. Qc2 O-O 10. Be2 dxc4 11. Bxc4 e5 12. dxe5 Nxe5 13. Be2 Qe7 14. O-O Rfe8
15. Bd2 Rad8 16. Ne4 Bc7 17. Nxf6+ Qxf6 18. Bc3 Qe7 19. Rfd1 Ng6 20. Bd4 a6 21.
Bd3 Be5 22. Bb6 Bc7 23. Bd4 Be5 24. Bb6 Bc7 25. Bd4 Be5 26. Ba7 Nf8 27. Rd2 g6
28. Rad1 Ne6 29. Be2 Rxd2 30. Rxd2 Rd8 31. Rxd8+ Qxd8 32. Bc4 Qd6 33. f4 Bg7 34.
b3 b5 35. Bxe6 fxe6 36. Bc5 Qd5 37. b4 Qd7 38. Kf2 e5 39. Qb3+ Qd5 40. fxe5 Bxe5
41. Qxd5+ cxd5 42. e4 dxe4 43. Ke3 Kf7 44. Kxe4 Ke6 45. g4 Bc3 46. Bf8 Be1 47.
Bc5 Bc3 48. Bf8 Be1 49. Bc5 Bc3 1/2-1/2

[Event "SportAccord Rapid w 2014"]
[Site "Beijing CHN"]
[Date "2014.12.11"]
[Round "4.4"]
[White "Kosintseva, Tatiana"]
[Black "Ju, Wenjun"]
[Result "1-0"]
[WhiteTitle "GM"]
[BlackTitle "GM"]
[WhiteElo "2483"]
[BlackElo "2568"]
[WhiteFideId "4133471"]
[BlackFideId "8603006"]
[EventDate "2014.12.11"]

1. e4 c5 2. Nf3 a6 3. c3 e6 4. d4 d5 5. e5 Bd7 6. Bd3 cxd4 7. cxd4 Bb5 8. Bc2 a5
9. Nc3 Bb4 10. Bd2 Bxc3 11. bxc3 Qd7 12. h4 Ne7 13. h5 h6 14. Rh3 Qc6 15. Nh4
Nd7 16. Qg4 Rg8 17. f4 O-O-O 18. f5 exf5 19. Nxf5 Nxf5 20. Bxf5 g6 21. hxg6 fxg6
22. Bxd7+ Rxd7 23. Bxh6 Kb8 24. Bf4 Ka8 25. Kf2 Rf7 26. Kg1 Qb6 27. e6 Re7 28.
Re1 g5 29. Bxg5 Reg7 30. Re5 Bc6 31. e7 Qb1+ 32. Kh2 Ka7 33. a3 Qc2 34. Qh5 Be8
35. Qh4 Bd7 36. Rg3 Rh7 37. Bh6 Rgh8 38. e8=Q Bxe8 39. Re6 Bd7 40. Rf6 Bf5 41.
Qg5 Be4 42. Rh3 Re8 43. Qg3 Bf5 44. Rh5 Bc8 45. Rxd5 Re6 46. Rxa5+ Kb6 47. Rxe6+
Bxe6 48. Rh5 Ka7 49. Qd6 Bc4 50. Qc5+ b6 51. Qxc4 Qg6 52. Rh3 Rxh6 53. Qc7+ Ka6
54. Qc8+ Ka7 55. Qd7+ Ka6 56. Qa4+ Kb7 57. Qd7+ Ka6 58. a4 Rxh3+ 59. Qxh3 Qd6+
60. Kg1 Qd5 61. Qd3+ Ka7 62. c4 Qg5 63. d5 Qc1+ 64. Kf2 Qf4+ 65. Kg1 Qc1+ 66.
Kh2 Qh6+ 67. Kg3 Qg5+ 68. Kf3 Qf6+ 69. Kg4 Qg7+ 70. Kf3 Qf6+ 71. Ke3 Qe5+ 72.
Qe4 Qc3+ 73. Kf4 Qf6+ 74. Kg4 Qg7+ 75. Kh5 Qh8+ 76. Kg6 Qg8+ 77. Kf6 Qf8+ 78.
Kg5 Qg7+ 79. Qg6 Qe5+ 80. Kh6 Qf4+ 81. Kh7 Qh4+ 82. Kg7 Qd4+ 83. Kf8 Qxc4 84. d6
Qxa4 85. Qf7+ Ka6 86. d7 Qb4+ 87. Qe7 Qf4+ 88. Ke8 Qa4 89. g4 Qc6 90. g5 Ka5 91.
Kf8 Qf3+ 92. Qf6 Qa3+ 93. Kg7 1-0

[Event "SportAccord Rapid w 2014"]
[Site "Beijing CHN"]
[Date "2014.12.11"]
[Round "4.5"]
[White "Paehtz, Elisabeth"]
[Black "Khotenashvili, Bela"]
[Result "1-0"]
[WhiteTitle "IM"]
[BlackTitle "GM"]
[WhiteElo "2485"]
[BlackElo "2504"]
[WhiteFideId "4641833"]
[BlackFideId "13602640"]
[EventDate "2014.12.11"]

1. e4 c6 2. d4 d5 3. Nc3 dxe4 4. Nxe4 Nf6 5. Nxf6+ gxf6 6. Nf3 Bg4 7. g3 Bxf3 8.
Qxf3 Qxd4 9. Bh3 Qc4 10. Be3 Bg7 11. O-O-O e6 12. b3 Qb5 13. Qg4 Bf8 14. a4 Qa5
15. Qd4 Be7 16. Kb1 Qb4 17. Qd3 h5 18. Bxe6 Na6 19. Qd7+ Kf8 20. Bc4 Nc5 21.
Bxc5 Qxc5 22. Qxb7 Kg7 23. Rhe1 Rhe8 24. Rd7 Rab8 25. Qa6 Rb4 26. Rb7 Rxb7 27.
Qxb7 a5 28. Qd7 Kf8 29. Qd3 Kg7 30. Qf3 Rd8 31. g4 h4 32. g5 Rd6 33. Qh5 Re6 34.
Bxe6 fxe6 35. Qh6+ 1-0

[Event "SportAccord Rapid w 2014"]
[Site "Beijing CHN"]
[Date "2014.12.11"]
[Round "4.6"]
[White "Cramling, Pia"]
[Black "Ushenina, Anna"]
[Result "0-1"]
[WhiteTitle "GM"]
[BlackTitle "GM"]
[WhiteElo "2518"]
[BlackElo "2494"]
[WhiteFideId "1700030"]
[BlackFideId "14110911"]
[EventDate "2014.12.11"]

1. Nf3 d5 2. d4 c6 3. c4 e6 4. Qc2 Nf6 5. Bg5 dxc4 6. Qxc4 b5 7. Qc2 Bb7 8. e3
Nbd7 9. Nbd2 Qb6 10. a4 a6 11. Be2 Be7 12. O-O O-O 13. e4 h6 14. Bh4 c5 15. e5
Nd5 16. Bxe7 Nxe7 17. dxc5 Nxc5 18. axb5 axb5 19. Rxa8 Rxa8 20. Qc3 Nd5 21. Qc2
Nf4 22. Re1 Rc8 23. Qb1 Rd8 24. Bf1 Ncd3 25. Bxd3 Nxd3 26. Re3 Nf4 27. Ne4 Bxe4
28. Qxe4 Nd5 29. Re1 Qc5 30. h4 Rc8 31. Ra1 Qc2 32. Qxc2 Rxc2 33. Ra8+ Kh7 34.
b3 b4 35. Rf8 Rc1+ 36. Kh2 Rc7 37. h5 g6 38. hxg6+ Kxg6 39. Rg8+ Kh7 40. Rg3 Rc2
41. Kg1 Rc1+ 42. Kh2 Rf1 43. Nd2 Rxf2 44. Ne4 Rf4 45. Nd6 f6 46. exf6 Nxf6 47.
Rd3 Nd5 48. Rg3 Rf6 49. Ne4 Rg6 50. Rf3 Kg8 51. Kg1 Kg7 52. g3 h5 53. Kf2 Rg4
54. Nc5 Rg6 55. Rd3 Kf7 56. Rd1 Rf6+ 57. Ke2 Nc3+ 0-1

[Event "SportAccord Rapid w 2014"]
[Site "Beijing CHN"]
[Date "2014.12.11"]
[Round "4.8"]
[White "Muzychuk, Mariya"]
[Black "Koneru, Humpy"]
[Result "0-1"]
[WhiteTitle "IM"]
[BlackTitle "GM"]
[WhiteElo "2529"]
[BlackElo "2581"]
[WhiteFideId "14114550"]
[BlackFideId "5008123"]
[EventDate "2014.12.11"]

1. e4 c5 2. Nf3 e6 3. c4 a6 4. Nc3 Qc7 5. d4 cxd4 6. Nxd4 Nf6 7. Be2 b6 8. O-O
Bb7 9. Qd3 d6 10. f4 Nbd7 11. Qe3 Be7 12. Kh1 O-O 13. a4 Rfe8 14. Nb3 Rab8 15.
Bd3 g6 16. Bd2 Bf8 17. Qg3 Bg7 18. Rae1 Bc6 19. f5 Ne5 20. Nd4 Bb7 21. b3 exf5
22. exf5 Qc5 23. Nc2 Nxd3 24. Qxd3 Rxe1 25. Bxe1 Re8 26. Bh4 Ng4 27. Nd5 Bxd5
28. cxd5 Rc8 29. fxg6 hxg6 30. Qe4 Ne5 31. Ne3 Qc3 32. b4 Qd3 33. Qf4 Rc3 34.
Re1 Qd2 35. Qe4 Rc1 36. Nf1 Qc3 37. h3 Qc4 38. Qxc4 Rxc4 39. Be7 Bf8 40. Bxf8
Kxf8 41. Rb1 Nd3 42. b5 a5 43. Ne3 Rxa4 44. Nc2 Rc4 45. Ne3 Re4 46. Nc2 Nb4 47.
Na3 Ke7 48. Rc1 Nxd5 49. Rc6 Rb4 50. Kg1 a4 51. Rc8 Rb3 52. Nc2 Rc3 53. Rxc3
Nxc3 54. Na3 d5 55. Kf2 Kd6 56. Ke3 Kc5 57. Kd3 Nxb5 58. Nc2 Nd6 59. g4 g5 0-1

[Event "SportAccord Rapid w 2014"]
[Site "Beijing CHN"]
[Date "2014.12.12"]
[Round "5.2"]
[White "Zhao, Xue"]
[Black "Gunina, Valentina"]
[Result "0-1"]
[WhiteTitle "GM"]
[BlackTitle "GM"]
[WhiteElo "2514"]
[BlackElo "2522"]
[WhiteFideId "8601283"]
[BlackFideId "4167570"]
[EventDate "2014.12.11"]

1. d4 d5 2. c4 c6 3. Nf3 Nf6 4. e3 Bf5 5. Nc3 e6 6. Be2 Nbd7 7. O-O Bd6 8. Nh4
Be4 9. f3 Bg6 10. Qe1 Qc7 11. g3 O-O 12. Bd2 dxc4 13. Bxc4 e5 14. dxe5 Nxe5 15.
Be2 Nd3 16. Qd1 Nxb2 17. Qb3 Nd3 18. Nxg6 Nc5 19. Qc2 hxg6 20. Kg2 Rad8 21. a4
Rfe8 22. Bc4 Ncd7 23. Rab1 Ne5 24. Ba2 Bc5 25. Ne2 Qe7 26. Nd4 Nd5 27. Rfe1 Bb4
28. Bxd5 Bxd2 29. Qxd2 Rxd5 30. Qc3 c5 31. Nb3 b6 32. Re2 Nxf3 33. Qc4 Rf5 34.
e4 Rf6 35. Rd1 Ne5 36. Qd5 Re6 37. h3 Nc6 38. e5 Rxe5 39. Rxe5 Qxe5 0-1

[Event "SportAccord Rapid w 2014"]
[Site "Beijing CHN"]
[Date "2014.12.12"]
[Round "5.3"]
[White "Muzychuk, Anna"]
[Black "Paehtz, Elisabeth"]
[Result "1-0"]
[WhiteTitle "GM"]
[BlackTitle "IM"]
[WhiteElo "2545"]
[BlackElo "2485"]
[WhiteFideId "14111330"]
[BlackFideId "4641833"]
[EventDate "2014.12.11"]

1. e4 c5 2. Nf3 e6 3. d4 cxd4 4. Nxd4 a6 5. c4 Qc7 6. Nc3 Nf6 7. Be2 Bc5 8. Be3
d6 9. O-O O-O 10. Rc1 Nc6 11. a3 e5 12. Nc2 Bxe3 13. Nxe3 Nd4 14. Nc2 Nb3 15.
Rb1 Be6 16. Ne3 Nd4 17. Bd3 Rac8 18. Ne2 Qb6 19. b4 Rfd8 20. Qd2 Qa7 21. Kh1 b5
22. cxb5 axb5 23. Nxd4 exd4 24. Nc2 d5 25. e5 Ne4 26. Qf4 Rc3 27. Rbd1 g5 28.
Qc1 h6 29. Qb2 g4 30. Bxe4 dxe4 31. Nxd4 Qxa3 32. Qe2 Qa2 33. Rd2 Qc4 34. Nxe6
Qxe2 35. Rxe2 fxe6 36. Rxe4 h5 37. f3 gxf3 38. gxf3 Rd2 39. Rh4 Kf7 40. Rxh5 Kg6
41. Rh8 Kf5 42. Re1 Rcc2 43. Rh6 Kf4 44. Rh8 Rf2 45. Rf8+ Kg5 46. Rg1+ 1-0

[Event "SportAccord Rapid w 2014"]
[Site "Beijing CHN"]
[Date "2014.12.12"]
[Round "5.4"]
[White "Ushenina, Anna"]
[Black "Kosintseva, Tatiana"]
[Result "1-0"]
[WhiteTitle "GM"]
[BlackTitle "GM"]
[WhiteElo "2494"]
[BlackElo "2483"]
[WhiteFideId "14110911"]
[BlackFideId "4133471"]
[EventDate "2014.12.11"]

1. d4 Nf6 2. Nf3 e6 3. e3 b6 4. Bd3 Bb7 5. O-O Be7 6. b3 O-O 7. Bb2 d5 8. Nbd2
c5 9. Ne5 Nc6 10. a3 Nd7 11. f4 f5 12. g4 Ndxe5 13. dxe5 d4 14. e4 fxe4 15. Nxe4
Na5 16. Qe2 Rc8 17. Ng3 Bh4 18. Rad1 Qc7 19. Be4 Bxg3 20. hxg3 Bxe4 21. Qxe4 Qc6
22. Qe2 g6 23. Rf2 Rc7 24. b4 Nb7 25. bxc5 bxc5 26. c3 Qd5 27. cxd4 c4 28. Bc3
Na5 29. f5 gxf5 30. gxf5 exf5 31. Qf3 Qxf3 32. Rxf3 Nb3 33. d5 Nc5 34. Bb4 Re8
35. d6 Rc6 36. Bxc5 Rxc5 37. e6 Re5 38. e7 1-0

[Event "SportAccord Rapid w 2014"]
[Site "Beijing CHN"]
[Date "2014.12.12"]
[Round "5.6"]
[White "Ju, Wenjun"]
[Black "Khotenashvili, Bela"]
[Result "1-0"]
[WhiteTitle "GM"]
[BlackTitle "GM"]
[WhiteElo "2568"]
[BlackElo "2504"]
[WhiteFideId "8603006"]
[BlackFideId "13602640"]
[EventDate "2014.12.11"]

1. Nf3 d5 2. g3 Bg4 3. Bg2 Nd7 4. O-O e6 5. d3 Bd6 6. e4 Ne7 7. h3 Bh5 8. Nbd2
O-O 9. Qe1 c6 10. Nh4 Qc7 11. f4 f6 12. Nhf3 Rae8 13. b3 e5 14. f5 Nxf5 15. exf5
e4 16. dxe4 Bxg3 17. Qe3 Bf4 18. Qc3 dxe4 19. Nd4 e3 20. Ne4 Bh2+ 21. Kh1 e2 22.
Re1 Be5 23. Bb2 c5 24. Qc4+ Bf7 25. Ne6 Bxb2 26. Nxc7 Bxc4 27. Nxe8 Bxa1 28.
N8d6 Bd4 29. Nxc4 g6 30. Rxe2 gxf5 31. Ned6 Ne5 32. Nxf5 b5 33. Nxd4 bxc4 34.
Ne6 Rb8 35. Nxc5 Rd8 36. Kh2 Rd1 37. Ne4 Kg7 38. Rd2 Rc1 39. Rf2 cxb3 40. axb3
Nd7 41. c4 h5 42. Ra2 Ne5 43. Rxa7+ Kg6 44. Ra6 Rc2 45. Rxf6+ Kg7 46. Rf2 1-0

[Event "SportAccord Rapid w 2014"]
[Site "Beijing CHN"]
[Date "2014.12.12"]
[Round "5.7"]
[White "Koneru, Humpy"]
[Black "Harika, Dronavalli"]
[Result "1/2-1/2"]
[WhiteTitle "GM"]
[BlackTitle "GM"]
[WhiteElo "2581"]
[BlackElo "2505"]
[WhiteFideId "5008123"]
[BlackFideId "5015197"]
[EventDate "2014.12.11"]

1. d4 Nf6 2. c4 g6 3. g3 Bg7 4. Bg2 O-O 5. Nc3 d6 6. Nf3 Nbd7 7. O-O e5 8. Qc2
Re8 9. Rd1 c6 10. e4 Qe7 11. b3 exd4 12. Nxd4 Nc5 13. f3 a5 14. Bf4 Nh5 15. Bc1
Nf6 16. Rb1 Nfd7 17. Nde2 Ne5 18. Be3 f5 19. Bxc5 dxc5 20. Qd2 fxe4 21. fxe4 Bg4
22. Qe3 Rf8 23. Rf1 Rad8 24. Rxf8+ Rxf8 25. h3 Nf3+ 26. Kh1 Bd4 27. Qd3 Ne5 28.
Qd2 Bxe2 29. Nxe2 Rf2 30. Rf1 Qf6 31. Qd1 Rxf1+ 32. Qxf1 Qxf1+ 33. Bxf1 Kg7 34.
Kg2 Kf6 35. Nf4 Nd7 36. a4 Ne5 37. Nd3 Nf7 38. h4 g5 39. Kf3 h5 40. hxg5+ Nxg5+
41. Kf4 Ne6+ 42. Kf3 Ng5+ 43. Kf4 Ne6+ 44. Kf3 Be5 45. Kf2 Bd4+ 46. Kf3 1/2-1/2

[Event "SportAccord Rapid w 2014"]
[Site "Beijing CHN"]
[Date "2014.12.12"]
[Round "5.8"]
[White "Muzychuk, Mariya"]
[Black "Cramling, Pia"]
[Result "1-0"]
[WhiteTitle "IM"]
[BlackTitle "GM"]
[WhiteElo "2529"]
[BlackElo "2518"]
[WhiteFideId "14114550"]
[BlackFideId "1700030"]
[EventDate "2014.12.11"]

1. e4 c5 2. Nc3 Nc6 3. Bb5 Nd4 4. Nf3 e6 5. O-O Ne7 6. Nxd4 cxd4 7. Ne2 a6 8.
Bd3 Nc6 9. c3 Bc5 10. b4 Ba7 11. Bb2 Ne5 12. Qc2 dxc3 13. Qxc3 d6 14. Bc2 Bd7
15. Qg3 O-O 16. Nf4 Rc8 17. Rac1 Bb5 18. Rfe1 Qf6 19. Bc3 Qh6 20. Bb3 Rfe8 21.
a4 Bd7 22. Nd3 Nxd3 23. Qxd3 Qf4 24. Bd4 Bxd4 25. Qxd4 Qe5 26. Qe3 Qb2 27. Rb1
Qf6 28. Rec1 Rc6 29. Rxc6 Bxc6 30. d4 Qg6 31. f3 h6 32. Rc1 Qg5 33. Qxg5 hxg5
34. d5 exd5 35. exd5 Bd7 36. Rc7 Bf5 37. Rxb7 Bd3 38. Rc7 Re1+ 39. Kf2 Re2+ 40.
Kg3 f5 41. h3 Kh7 42. Rc6 Rd2 43. Rc1 Kg6 44. Bc4 Bxc4 45. Rxc4 Rxd5 46. Rc6 Rd4
47. Rxa6 Rxb4 48. Rxd6+ Kh5 49. Ra6 Rb2 50. a5 Ra2 51. Ra8 Kg6 52. a6 Kh5 53.
Kh2 Ra1 54. g4+ Kg6 55. gxf5+ Kxf5 56. Kg3 Ra2 57. Ra7 Kg6 58. h4 gxh4+ 59. Kxh4
Kf5 60. Kg3 Kf6 61. Kf4 Ra4+ 62. Ke3 Kf5 63. Kd3 g5 64. Ra8 Ra3+ 65. Kc4 Ke5 66.
Kb4 Ra1 67. a7 Kf4 68. Rf8+ Ke3 69. a8=Q Rxa8 70. Rxa8 Kxf3 71. Rf8+ Kg3 72. Kc3
g4 73. Kd3 Kh2 74. Rh8+ 1-0

[Event "SportAccord Rapid w 2014"]
[Site "Beijing CHN"]
[Date "2014.12.12"]
[Round "6.2"]
[White "Muzychuk, Anna"]
[Black "Dzagnidze, Nana"]
[Result "1/2-1/2"]
[WhiteTitle "GM"]
[BlackTitle "GM"]
[WhiteElo "2545"]
[BlackElo "2570"]
[WhiteFideId "14111330"]
[BlackFideId "13601903"]
[EventDate "2014.12.11"]

1. e4 e6 2. d4 d5 3. Nc3 Bb4 4. Bd2 Ne7 5. Bd3 Nbc6 6. Nf3 O-O 7. a3 Ba5 8. e5
f6 9. Ne2 fxe5 10. Nxe5 Bxd2+ 11. Qxd2 Nxe5 12. dxe5 c5 13. c3 Bd7 14. O-O Be8
15. Qe3 Rc8 16. Qh3 Nf5 17. Nf4 Bd7 18. Nh5 Be8 19. Nf4 Bd7 20. Nh5 Be8 21. Nf4 1/2-1/2

[Event "SportAccord Rapid w 2014"]
[Site "Beijing CHN"]
[Date "2014.12.12"]
[Round "6.3"]
[White "Paehtz, Elisabeth"]
[Black "Ushenina, Anna"]
[Result "1/2-1/2"]
[WhiteTitle "IM"]
[BlackTitle "GM"]
[WhiteElo "2485"]
[BlackElo "2494"]
[WhiteFideId "4641833"]
[BlackFideId "14110911"]
[EventDate "2014.12.11"]

1. e4 c5 2. Nc3 d6 3. f4 g6 4. Nf3 Bg7 5. Bb5+ Bd7 6. Bc4 Nc6 7. O-O e6 8. f5
exf5 9. d3 Nge7 10. Nb5 Be6 11. Bf4 O-O 12. Nxd6 Bxc4 13. dxc4 fxe4 14. Ng5 Qb6
15. Ngxe4 Nd4 16. Bg5 Nef5 17. Nxf5 Nxf5 18. c3 h6 19. Bd2 Rfe8 20. Qc2 Rad8 21.
Rae1 Qc6 22. Bc1 b6 23. Nf2 Re6 24. Rd1 Rde8 25. Rd5 Re2 26. Qd3 Qe6 27. Nh3 Re1
28. Bd2 Rxf1+ 29. Kxf1 Nh4 30. Nf4 Qg4 31. Bc1 Nf5 32. Rd8 Rxd8 33. Qxd8+ Kh7
34. Qd3 Qh4 35. h3 Qe7 36. Nd5 Qe6 37. Bf4 Be5 38. Bxe5 Qxe5 39. Kf2 h5 40. Qf3
Kg7 41. g4 hxg4 42. hxg4 Nd6 43. Ne3 Qh2+ 44. Qg2 Ne4+ 45. Ke2 Qe5 46. Kd3 Nf6
47. Qf3 Qd6+ 48. Kc2 Qe5 49. Kd3 Qd6+ 50. Kc2 Qe5 1/2-1/2

[Event "SportAccord Rapid w 2014"]
[Site "Beijing CHN"]
[Date "2014.12.12"]
[Round "6.4"]
[White "Ju, Wenjun"]
[Black "Stefanova, Antoaneta"]
[Result "1/2-1/2"]
[WhiteTitle "GM"]
[BlackTitle "GM"]
[WhiteElo "2568"]
[BlackElo "2517"]
[WhiteFideId "8603006"]
[BlackFideId "2902257"]
[EventDate "2014.12.11"]

1. Nf3 d5 2. g3 c6 3. Bg2 Bg4 4. O-O e6 5. d4 Nd7 6. Nbd2 f5 7. c4 Bd6 8. b3 Qf6
9. a4 a5 10. Ba3 Bxa3 11. Rxa3 Qe7 12. Ra1 Ngf6 13. Qc2 Ne4 14. Rfe1 O-O 15. e3
Bh5 16. Rac1 Qf6 17. Qb2 Ra7 18. Ne5 Nxe5 19. dxe5 Qe7 20. f4 Qb4 21. Bxe4 dxe4
22. c5 Rd8 23. Nc4 Rd3 24. Nd6 Bf3 25. Qc2 Rd2 26. Qc4 Rg2+ 27. Kf1 Qxc4+ 28.
Rxc4 Rb2 29. Rd4 h6 30. Ne8 Kf7 31. Nc7 Ke7 32. Rd6 Rxh2 33. Nxe6 Rh1+ 34. Kf2
Rh2+ 35. Kf1 Rh1+ 36. Kf2 Rh2+ 37. Kf1 Rh1+ 1/2-1/2

[Event "SportAccord Rapid w 2014"]
[Site "Beijing CHN"]
[Date "2014.12.12"]
[Round "6.5"]
[White "Kosintseva, Tatiana"]
[Black "Zhao, Xue"]
[Result "1-0"]
[WhiteTitle "GM"]
[BlackTitle "GM"]
[WhiteElo "2483"]
[BlackElo "2514"]
[WhiteFideId "4133471"]
[BlackFideId "8601283"]
[EventDate "2014.12.11"]

1. e4 d5 2. exd5 Qxd5 3. Nc3 Qd6 4. d4 Nf6 5. Nf3 g6 6. Bg5 Bf5 7. Bc4 Bg7 8.
Qe2 O-O 9. O-O-O a6 10. Ne5 b5 11. Bb3 c5 12. dxc5 Qxc5 13. Nxf7 Rxf7 14. Rd8+
Bf8 15. Bxf6 exf6 16. Qe8 Ra7 17. Rxb8 Kg7 18. Bxf7 Rxf7 19. f3 b4 20. Ne4 Qe3+
21. Kb1 Qe2 22. Rc1 Qxg2 23. Nd6 Bxd6 24. Qg8+ Kh6 25. Qxf7 Bf4 26. Rh8 Bxc2+
27. Ka1 Bxc1 28. Qxh7+ Kg5 29. Qh6+ Kf5 30. Qxc1 g5 31. h4 b3 32. hxg5 fxg5 33.
axb3 a5 34. Rf8+ Kg6 35. Rb8 Kh6 36. Rb6+ Kh5 37. Rb5 Kh6 38. Ka2 a4 39. bxa4
Bxa4 40. Rb6+ Kh5 41. Qc4 Be8 42. Qg8 Qxf3 43. Qxe8+ Kh4 44. Rh6+ Kg3 45. Qe5+
Kg4 46. Qe6+ 1-0

[Event "SportAccord Rapid w 2014"]
[Site "Beijing CHN"]
[Date "2014.12.12"]
[Round "6.7"]
[White "Harika, Dronavalli"]
[Black "Cramling, Pia"]
[Result "1/2-1/2"]
[WhiteTitle "GM"]
[BlackTitle "GM"]
[WhiteElo "2505"]
[BlackElo "2518"]
[WhiteFideId "5015197"]
[BlackFideId "1700030"]
[EventDate "2014.12.11"]

1. Nf3 d5 2. g3 c6 3. Bg2 Bf5 4. O-O e6 5. d3 h6 6. c4 Nf6 7. Be3 Nbd7 8. Qb3
Qc8 9. Nc3 Nc5 10. Qd1 Be7 11. Rc1 dxc4 12. dxc4 O-O 13. Nd4 Bg6 14. b4 Nce4 15.
Qb3 Rd8 16. Nxe4 Nxe4 17. f3 Rxd4 18. Bxd4 Nd2 19. Qb2 Nxf1 20. Bxf1 Bf8 21. e4
c5 22. bxc5 Bxc5 23. Kg2 Bxd4 24. Qxd4 Qc7 25. Rd1 Qa5 26. Qd2 Qa4 27. Rb1 b6
28. Rb3 e5 29. Rd3 Rc8 30. Rd5 f6 31. Rd7 Bf7 32. a3 Bxc4 33. Bxc4+ Qxc4 34.
Rxa7 Qc2 35. Qxc2 Rxc2+ 36. Kg1 Kh7 37. a4 h5 38. Rb7 Ra2 39. Rxb6 Rxa4 40. h4
Ra2 41. Rb7 Kg6 42. Rc7 Rb2 43. Ra7 Rc2 44. Rb7 Rc3 45. Kf2 Rc2+ 46. Kg1 Rc3 47.
Kf2 Rc2+ 48. Kg1 Rc3 1/2-1/2

[Event "SportAccord Rapid w 2014"]
[Site "Beijing CHN"]
[Date "2014.12.12"]
[Round "6.8"]
[White "Khotenashvili, Bela"]
[Black "Koneru, Humpy"]
[Result "1-0"]
[WhiteTitle "GM"]
[BlackTitle "GM"]
[WhiteElo "2504"]
[BlackElo "2581"]
[WhiteFideId "13602640"]
[BlackFideId "5008123"]
[EventDate "2014.12.11"]

1. d4 Nf6 2. Nf3 e6 3. c4 d5 4. g3 Bb4+ 5. Nbd2 dxc4 6. Bg2 c3 7. bxc3 Bxc3 8.
Rb1 Nc6 9. e3 e5 10. Ba3 exd4 11. exd4 Nxd4 12. O-O Nxf3+ 13. Qxf3 Bxd2 14. Qe2+
Be6 15. Bxb7 c5 16. Bxc5 Nd7 17. Bxa8 Qxa8 18. Qxd2 Nxc5 19. Qd6 Nd7 20. Rfc1
Qd8 21. Rc7 Nb6 22. Qc6+ Kf8 23. Rxa7 Nc8 24. Qc5+ Kg8 25. Rc7 h6 26. a4 Kh7 27.
Qc2+ g6 28. Qc3 Ne7 29. Qe5 Nd5 30. Qxe6 Qxc7 31. Qxd5 Rd8 32. Qf3 Kg7 33. Kg2
Rd7 34. Rb3 Qd6 35. Rb5 h5 36. a5 h4 37. gxh4 Qa6 38. Rg5 Rd3 39. Qe4 Rd1 40.
Qe5+ Kg8 41. Qb5 Qa8+ 42. f3 Rd2+ 43. Kg3 Qd8 44. h5 Qd4 45. Qe8+ Kg7 46. Qe5+
Qxe5+ 47. Rxe5 Kf6 48. Rb5 g5 49. a6 Ra2 50. Rb6+ Kg7 51. h6+ Kh7 52. Kg4 Ra5
53. h3 Kg8 54. Rf6 Kh7 55. Rxf7+ Kxh6 56. Rf6+ Kg7 57. Rb6 Kf7 58. h4 gxh4 59.
Kxh4 Ke7 60. f4 Kf7 61. Kg4 Kg7 62. f5 Ra1 63. Kf4 Kf7 64. f6 Ra5 65. Ke4 Kg6
66. Kd4 Kf7 67. Kc4 Kg6 68. Kb4 Ra1 69. Kb5 Ra2 70. Kc6 Kxf6 71. Kb7+ 1-0

[Event "SportAccord Rapid w 2014"]
[Site "Beijing CHN"]
[Date "2014.12.12"]
[Round "7.1"]
[White "Gunina, Valentina"]
[Black "Muzychuk, Anna"]
[Result "1-0"]
[WhiteTitle "GM"]
[BlackTitle "GM"]
[WhiteElo "2522"]
[BlackElo "2545"]
[WhiteFideId "4167570"]
[BlackFideId "14111330"]
[EventDate "2014.12.11"]

1. d4 d5 2. c4 c6 3. Nf3 Nf6 4. e3 Bg4 5. Be2 e6 6. O-O Nbd7 7. b3 Bd6 8. Bb2
O-O 9. Nbd2 Qe7 10. h3 Bh5 11. Ne5 Bxe2 12. Qxe2 Rac8 13. Rac1 Ba3 14. Bxa3 Qxa3
15. Nxd7 Nxd7 16. Rc2 Qe7 17. Rfc1 Rfe8 18. Nf3 Rcd8 19. Qe1 a6 20. Qa5 h6 21.
Qc7 Nf6 22. Qb6 Rb8 23. Qa5 Qd8 24. Qe1 Qe7 25. cxd5 exd5 26. b4 Ne4 27. a4 Nd6
28. Ne5 Qg5 29. Qe2 h5 30. Qf3 Re7 31. Rc5 Rf8 32. Nd3 g6 33. Nf4 Ne4 34. Ra5
Ree8 35. Rc2 Qd8 36. Nd3 Qe7 37. Qd1 Ra8 38. b5 Qd8 39. Qe1 axb5 40. Rxa8 Qxa8
41. axb5 Qa4 42. Qb1 Rc8 43. Ne5 c5 44. Nd7 Qa3 45. dxc5 Nc3 46. Qf1 Qb3 47. Qd3
Qb1+ 48. Kh2 Nxb5 49. Qd2 Rd8 50. Nf6+ Kg7 51. Rb2 Qf1 52. Nxd5 Qc4 53. Rxb5
Qxd5 54. Qb2+ Kg8 55. Qf6 Rd7 56. Ra5 Rd8 57. Ra4 Rc8 58. Rf4 Rxc5 59. Qe7 Rc8
60. Rd4 Qf5 61. Qxb7 Qe5+ 62. f4 Qe6 63. e4 Re8 64. Qb5 Rc8 65. f5 Qf6 66. Rd5
g5 67. Qe2 Re8 68. Qd3 Qb2 69. f6 Qxf6 70. Qg3 g4 71. Rxh5 Qg6 72. Rh4 Kf8 73.
Rh8+ 1-0